|
|
|
|
| LEADER |
00854nam a2200229 a 4500 |
| 001 |
012698445 |
| 008 |
090629s1999 caua 001 0 eng d |
| 020 |
|
|
|a 1584230088
|
| 040 |
|
|
|a StDuBDS
|d Uk
|
| 082 |
0 |
4 |
|a 725.23
|2 21
|
| 100 |
1 |
|
|a Myerson, Jeremy.
|
| 245 |
1 |
4 |
|a The creative office /
|c Jeremy Myerson and Philip Ross.
|
| 260 |
|
|
|a Corte Madera,CA :
|b Gingko Press,
|c 1999.
|
| 300 |
|
|
|a 240 p. :
|b ill. (chiefly col.) ;
|c 30 cm.
|
| 500 |
|
|
|a Includes index.
|
| 541 |
1 |
|
|e 00013767
|
| 650 |
|
0 |
|a Office buildings
|x Design and construction.
|
| 650 |
|
0 |
|a Office layout.
|
| 700 |
1 |
|
|a Ross, Philip,
|d 1965-
|
| 852 |
4 |
|
|a Ayesha Abed Library
|j General shelf
|
| 999 |
|
|
|c 1863
|d 1863
|
| 952 |
|
|
|0 0
|1 0
|2 ddc
|4 0
|6 725_230000000000000_MYE_1999
|7 0
|9 1706
|a BRACUL
|b BRACUL
|c GEN
|d 2009-06-29
|l 8
|m 37
|o 725.23 MYE
|p 3010013767
|r 2026-05-21
|s 2026-02-01
|t 1
|w 2009-06-29
|y BK
|